| 000 | 00611nam a22002057a 4500 | ||
|---|---|---|---|
| 003 | OSt | ||
| 005 | 20251127100813.0 | ||
| 008 | 251127b |||||||| |||| 00| 0 eng d | ||
| 020 | _a978-971-007-221-7 | ||
| 040 |
_aDWCL - Main _cOC |
||
| 082 | _aProf. 220.1 S211L 2018 | ||
| 100 | _aSanchez, Bo | ||
| 245 |
_aLimitless / _cBo Sanchez |
||
| 260 |
_aQuezon City, Philippines : _bShepherd's Voice Publication, Inc., _cc2018. |
||
| 300 |
_a144 pages; _billustration; _c21 cm. |
||
| 650 | _a1. Biblical - inspiration | ||
| 650 | _a2. Life motivation | ||
| 650 | _a3. Life wisdom | ||
| 942 |
_2ddc _cPROF. _kProf. _n0 |
||
| 999 |
_c6432 _d6432 |
||